000 00542nam a2200157Ia 4500
008 240729s9999 xx 000 0 und d
245 0 _aInternational Journal on Smart Material and Mechatronics
260 _aIndonesia
260 _bHasanuddin University
650 _a Electrical engineering. Electronics. Nuclear engineering
650 _a Materials of engineering and construction. Mechanics of materials
650 _aTechnology
856 _uhttps://doaj.org/toc/953ce712b3f1459aaa935ff65795e95c
942 _2ddc
942 _cDOAJEJ
999 _c70565
_d70565
945 _a1
_bMadushi Gamage
_c1
_dMadushi Gamage